ბათუმის შოთა რუსთაველის სახელმწიფო უნივერსიტეტის ბიბლიოთეკა

ეკონომიკურ გადაწყვეტილებათა მიღების მოდელირება Excel-ის გარემოში (ბიბ.ჩანაწერი № 49318)

000 -LEADER
fixed length control field 01240nam a2200277Ia 4500
001 - CONTROL NUMBER
control field 16234
003 - CONTROL NUMBER IDENTIFIER
control field GE_BSU
005 - DATE AND TIME OF LATEST TRANSACTION
control field 20211208140514.0
008 - FIXED-LENGTH DATA ELEMENTS--GENERAL INFORMATION
fixed length control field 181216s||||||||xx |||||||||||||| ||und||
020 ## - INTERNATIONAL STANDARD BOOK NUMBER
International Standard Book Number ISBN 978-9941-13-089-2
040 ## - CATALOGING SOURCE
Transcribing agency GE_BSU
080 ## - UNIVERSAL DECIMAL CLASSIFICATION NUMBER
Universal Decimal Classification number 004.2+ 004.94
100 ## - MAIN ENTRY--PERSONAL NAME
Personal name მუნჯიშვილი თეა,ზურაბ, მუნჯიშვილი .
9 (RLIN) 13216
245 ## - TITLE STATEMENT
Title ეკონომიკურ გადაწყვეტილებათა მიღების მოდელირება Excel-ის გარემოში
245 ## - TITLE STATEMENT
Remainder of title სახელმძღვ.
245 ## - TITLE STATEMENT
Statement of responsibility, etc. რედ. თამაზ ბარამიძე
250 ## - EDITION STATEMENT
Edition statement ივანე ჯავახიშვილის სახ. თსუ.
260 ## - PUBLICATION, DISTRIBUTION, ETC.
Place of publication, distribution, etc. თბილისი
260 ## - PUBLICATION, DISTRIBUTION, ETC.
Name of publisher, distributor, etc. თბილ. უნ-ტის გამ-ბა,
260 ## - PUBLICATION, DISTRIBUTION, ETC.
Date of publication, distribution, etc. 2009
300 ## - PHYSICAL DESCRIPTION
Extent 148გვ. : სურ. ; 20სმ.. - ბიბლიოგრ.: გვ. 147.
653 ## - INDEX TERM--UNCONTROLLED
Uncontrolled term ინფორმატიკა
653 ## - INDEX TERM--UNCONTROLLED
Uncontrolled term კომპიუტერული პროგრამები; კომპიუტერული მოდელირება
942 ## - ADDED ENTRY ELEMENTS (KOHA)
Koha item type წიგნი
Source of classification or shelving scheme
ეგზემპლარები
Withdrawn status Lost status Damaged status Not for loan Date acquired Barcode Date last seen Price effective from Koha item type
        2018-12-17 40236 2018-12-17 2018-12-17 წიგნი
        2018-12-17 40237 2018-12-17 2018-12-17 წიგნი
        2018-12-17 40238 2018-12-17 2018-12-17 წიგნი
        2018-12-17 40239 2018-12-17 2018-12-17 წიგნი
        2018-12-17 40240 2018-12-17 2018-12-17 წიგნი